| 000 | 00494nam a2200181Ia 4500 | ||
|---|---|---|---|
| 999 |
_c29785 _d29785 |
||
| 003 | OSt | ||
| 005 | 20201124111350.0 | ||
| 008 | 190216s9999||||xx |||||||||||||| ||und|| | ||
| 020 | _a9788122608199 | ||
| 040 | _coclc | ||
| 082 |
_a894.8123 _bJOS/O |
||
| 100 |
_a Joseph, Sarah _95650 |
||
| 245 | 0 |
_aOoru Kaval / _cSarah Joseph |
|
| 260 |
_bCurrent Books, _c2010. _aThrissur: |
||
| 300 | _a206p | ||
| 650 | _aNovel | ||
| 942 |
_cBK _2ddc _h894.8123 _iJOS/O _k894.8123 _mJOS/O |
||